| 000 | 00697nam a2200217 a 4500 | ||
|---|---|---|---|
| 001 | 000030788 | ||
| 005 | 20240412074255.0 | ||
| 008 | 110530s1938 dr r 000 p spa d | ||
| 040 |
_aDO-SdBNP _bspa _cBNPHU |
||
| 082 |
_aF-RD- RD861.42 _bS162h |
||
| 100 | 1 |
_aSaldaña Suazo, José A. _926628 |
|
| 245 | 1 | 3 |
_aEl hijo bastardo / _cJosé A. Saldaña Suazo. |
| 260 |
_aCiudad Trujillo, República Dominicana : _bCasanova Hnos., _c1938. |
||
| 300 |
_a[11 p.] ; _c23 cm. |
||
| 490 | 1 | _aObra en versos | |
| 590 | _aInventariado, 2018/ YL | ||
| 650 | 0 |
_aPoesía dominicana _966 |
|
| 650 | 0 |
_aLiteratura dominicana. _967 |
|
| 830 | 0 |
_aObra en versos _957347 |
|
| 910 | _aValidado. Control de calidad MFF | ||
| 999 |
_c30280 _d30280 |
||